00489nam a2200157 a 450000100060000000300090000600800410001504000280005608200170008411000100010124500840011126000310019530000080022665000560023465000410029013683CO-ViMGA141112s2004 ck r 000 u spa d aCO-ViMGAbspacCO-ViMGA04a336.86 C381d aCEPAL10aDescentralizacion fiscal en América Latina : bbalance y principales desafios aHamburgo : bCepal, c1996 a25914aDESCENTRALIZACION ADMINISTRATIVA - América LATINA14aPolítica FISCAL - América LATINA